| 000 | 01083cam a2200325 a 4500 | ||
|---|---|---|---|
| 001 | 2544403 | ||
| 003 | EG-ScBUE | ||
| 005 | 20220314130751.0 | ||
| 008 | 941028s2005 enka f 000 1 eng d | ||
| 020 | _a0099470284 | ||
| 020 | _a9780099470281 | ||
| 040 |
_aDLC _beng _erda _cDLC _dDLC _dEG-ScBUE |
||
| 041 | 1 |
_aeng _hhun |
|
| 082 | 0 | 4 |
_a894.511332 _bSZA _222 |
| 100 | 1 |
_aSzabo, Magda, _d1917-2007, _eauthor. _922888 |
|
| 245 | 1 | 4 |
_aThe door / _cMagda Szabo ; translated by Len Rix. |
| 264 | 1 |
_aLondon : _bVintage Books, _c2005. |
|
| 300 |
_a261 pages : _billustrations ; _c23 cm |
||
| 336 |
_2rdacontent _atext _btxt |
||
| 337 |
_2rdamedia _aunmediated _bn |
||
| 338 |
_2rdacarrier _avolume _bnc |
||
| 546 | _aText in English ; translated from the original Hungarian. | ||
| 650 | 7 |
_922887 _aHousehold employees _xFiction. _2BUEsh |
|
| 651 | _2BUEsh | ||
| 653 |
_cApril2011 _bHHUUEENN |
||
| 655 |
_vReading book _934232 |
||
| 700 | 1 |
_aRix, L. B. _q(Len B.), _etranslator. |
|
| 942 |
_2ddc _cBB |
||
| 999 |
_c15069 _d15069 |
||